- Justicia y política
Entrada Tema o Materia
Número de registros utilizados en: 4
001 - NUMERO DE CONTROL
- Campo de control: 6934
003 - IDENTIFICADOR DEL NUMERO DE CONTROL
- Campo de control: SpMaBN
005 - HORA Y FECHA DE LA ULTIMA TRANSACCIÓN
- Campo de control: 20220628180123.0
008 - CAMPO DE LONGITUD FIJA
- Campo fijo de descripción fija: 020527dn anznnbabn a ana
040 ## -
- : CO-MdFUSB
- : CO-MdFUSB
150 ## - ENCABEZAMIENTO DE MATERIA-TEMA
- Téma o Materia: Justicia y política
450 ## - REFERENCIA DE ENVIO “VEASE” - MATERIA
- Encabezamiento temático : Política y justicia
550 ## - REFERENCIA DE ENVIO "VEASE ADEMAS" - MATERIA
- Encabezamiento temático o nombre geográfico como elemento de entrada: Administración de justicia
670 ## - FUENTE EN LA QUE SE LOCALIZARON DATOS
- Cita de la fuente : LCSH
- Información localizada : (Justice, Administration of-Political aspects)
670 ## - FUENTE EN LA QUE SE LOCALIZARON DATOS
- Cita de la fuente : TDC
- Información localizada : (Justicia y política)
670 ## - FUENTE EN LA QUE SE LOCALIZARON DATOS
- Cita de la fuente : RAMEAU
- Información localizada : (Justice et politique)
750 #7 - ASIENTO LIGADO AL ENCABEZAMIENTO - TEMATICO
- Encabezamiento temático : Justice et politique
750 #7 - ASIENTO LIGADO AL ENCABEZAMIENTO - TEMATICO
- Encabezamiento temático : Justice, Administration of-Political aspects
